000 00424nam a2200109Ia 4500
008 160909s9999 xx 000 0 und d
100 _aHeise, Erich K.
245 4 _aThe experience of superintendent leadership in American schools in Brazil: A phenomenological study
260 _bSaint Mary's University of Minnesota.
_c2016
650 _aENTREPRENEURSHIP
856 _uhttp://pqdtopen.proquest.com/doc/1775479956.html?FMT=ABS
999 _c304477
_d304477